000 00517nam a2200193 a 4500
001 1767946523600
003 YourLibrary
005 20260110115632.0
008 260109s1998##################000#0#eng##
020 _a9780415176385
082 0 4 _a301.440941
_bCOL
100 1 _aCole, George Douglas Howard,
_eauthor.
245 1 0 _aStudies in Class Structure :
260 _bTaylor & Francis US,
_c1998.
300 _a212 pages
650 0 _aReference.
942 _cENGLISH
040 _aYourLibrary
_beng
_cYourLibrary
999 _c608036
_d608036